000 00628nam a2200217Ia 4500
005 20250508165839.0
008 008 250505s9999 xx 000 0 eng d
020 _a978-1-4739-6980-3
037 _aReference
040 _aFEDL
_beng
_cFEDL
041 _aeng
_2eng
084 _a371.1, PRE/RR
_qFEDL
100 _aPriestley Mark
_9583257
245 0 _aTeacher agency: An ecological approach
260 _aLondon, UK
_bBloomsbury Academic
_c2015
300 _avii, 186p.
365 _aGBP
_b95
700 _a Biesta Gert Robinson Sarah
_9782184
942 _cREF
_h371.1, PRE/RR
999 _c1397795
_d1397795